| 000 | 00746nam a22002177a 4500 | ||
|---|---|---|---|
| 999 |
_c186983 _d186983 |
||
| 005 | 20220401123217.0 | ||
| 010 | _aENG-132117 | ||
| 020 |
_a978190343053 _c4500.00 |
||
| 035 | _aEN-115649 | ||
| 037 | _bDBAD/PUB | ||
| 082 | _a588.095483 | ||
| 100 | _aMufeed, B | ||
| 245 |
_aBryophytes of Anamudi shola National park in western Ghats of Kerala, india/ _cB Mufeed, C.N. Manju & K.P. Rajesh |
||
| 260 |
_aKerala _bCenter for Research in Indigenous knowledge , scinece & Culture(CRIKSC) _c2021 |
||
| 270 |
_aD - 37 , Jawahar Nagar , Kozhikode _bkerala, |
||
| 300 |
_axiii, 458p _c24cm(hbk) _bBibliography |
||
| 700 | _aManju, C.N. | ||
| 700 | _aMufeed, B. | ||
| 700 | _aRajesh, K.P. | ||
| 942 |
_2ddc _cEN _mBRY _h588.095483 |
||